[Event "GRE-ch North U08/14"]
[Site "Thessaloniki"]
[Date "2020.08.29"]
[Round "5"]
[White "Tarchanidis, Nikolaos Christos"]
[Black "Delisavidis, Dionysios"]
[Result "1/2-1/2"]
[WhiteElo "1262"]
[BlackElo "1078"]
[PlyCount "72"]
[EventDate "2020.08.26"]
[EventType "swiss"]
[EventRounds "9"]
[EventCountry "GRE"]
[SourceTitle "EXT 2023"]
[Source "ChessBase"]
[SourceDate "2022.10.05"]
[SourceVersion "1"]
[SourceVersionDate "2022.10.05"]
[SourceQuality "1"]

1. c4 e5 2. Nc3 Nf6 3. g3 Nc6 4. Bg2 Bc5 5. e3 0-0 6. Nge2 a6 7. 0-0 d6 8. h3 Bf5 9. d4 Ba7 10. d5 Ne7 11. e4 Bg6 12. b4 Nd7 13. g4 Rb8 14. a4 h6 15. Qd3 Nf6 16. Be3 Bxe3 17. Qxe3 b6 18. c5 bxc5 19. bxc5 Qd7 20. f4 exf4 21. Nxf4 Rfe8 22. Qd4 Rbc8 23. c6 Qd8 24. Rfe1 Rb8 25. e5 dxe5 26. Rxe5 Nc8 27. Rae1 Nd6 28. Nxg6 fxg6 29. Rxe8+ Nfxe8 30. Ne4 Nxe4 31. Bxe4 g5 32. Bf5 Qd6 33. Qe5 Qc5+ 34. Kg2 Nd6 35. Qe6+ Kf8 36. Qe7+ Kg8 1/2-1/2

[Event "GRE-ch North U08/14"]
[Site "Thessaloniki"]
[Date "2020.08.26"]
[Round "1"]
[White "Tsakonas, Konstantinos"]
[Black "Delisavidis, Dionysios"]
[Result "1-0"]
[WhiteElo "1385"]
[BlackElo "1078"]
[PlyCount "55"]
[EventDate "2020.08.26"]
[EventType "swiss"]
[EventRounds "9"]
[EventCountry "GRE"]
[SourceTitle "EXT 2023"]
[Source "ChessBase"]
[SourceDate "2022.10.05"]
[SourceVersion "1"]
[SourceVersionDate "2022.10.05"]
[SourceQuality "1"]

1. b4 Nf6 2. Bb2 g6 3. e3 Bg7 4. Nf3 d6 5. b5 0-0 6. Be2 Nbd7 7. d4 b6 8. 0-0 Bb7 9. c4 Re8 10. Nc3 e5 11. Qb3 exd4 12. exd4 h6 13. Rad1 Qc8 14. Rfe1 Qb8 15. Na4 a6 16. Nc3 axb5 17. cxb5 Ne4 18. Nxe4 Bxe4 19. Bc4 Re7 20. Bxf7+ Rxf7 21. Rxe4 Nf6 22. Re7 d5 23. Rxf7 Kxf7 24. Ne5+ Kg8 25. Nxg6 Qe8 26. Nf4 Nh5 27. Qxd5+ Kh8 28. Nxh5 1-0